SYSTEM PROGRAMMING (Record no. 6312)

MARC details
000 -LEADER
fixed length control field 00486nam a2200241Ia 4500
001 - CONTROL NUMBER
control field 072243
003 - CONTROL NUMBER IDENTIFIER
control field YMCAF
005 - DATE AND TIME OF LATEST TRANSACTION
control field 20230512160751.0
008 - FIXED-LENGTH DATA ELEMENTS--GENERAL INFORMATION
fixed length control field 100717s1996 ||||||||||||||||| ||und|d
020 ## - INTERNATIONAL STANDARD BOOK NUMBER
International Standard Book Number -
024 ## - OTHER STANDARD IDENTIFIER
Standard number or code 72243
035 ## - SYSTEM CONTROL NUMBER
System control number 11706
040 ## - CATALOGING SOURCE
Original cataloging agency YMCAF
Language of cataloging eng
Transcribing agency IN-KoLT
041 ## - LANGUAGE CODE
Language code of text/sound track or separate title eng
082 ## - DEWEY DECIMAL CLASSIFICATION NUMBER
Classification number 005.42
Item number DON
100 ## - MAIN ENTRY--PERSONAL NAME
Personal name DONOVAN, J J
245 #0 - TITLE STATEMENT
Title SYSTEM PROGRAMMING
250 ## - EDITION STATEMENT
Edition statement -
260 ## - PUBLICATION, DISTRIBUTION, ETC.
Name of publisher, distributor, etc. TMH
Date of publication, distribution, etc. 1996
653 ## - INDEX TERM--UNCONTROLLED
Uncontrolled term -
653 ## - INDEX TERM--UNCONTROLLED
Uncontrolled term -
942 ## - ADDED ENTRY ELEMENTS (KOHA)
Source of classification or shelving scheme Dewey Decimal Classification
Koha item type Books
Holdings
Withdrawn status Lost status Damaged status Not for loan Home library Current library Date acquired Cost, normal purchase price Total Checkouts Barcode Date last seen Cost, replacement price Price effective from Koha item type Public note G
  Lost     JC Bose University of Science & Technology JC Bose University of Science & Technology 17/07/2010 185.00   13658 12/05/2023 185.00 12/05/2023 Books C 6391
        JC Bose University of Science & Technology JC Bose University of Science & Technology 17/07/2010 175.00   11706 12/05/2023 175.00 12/05/2023 Books C 3184
        JC Bose University of Science & Technology JC Bose University of Science & Technology 17/07/2010 185.00   13657 12/05/2023 185.00 12/05/2023 Books C 6391